| 000 | 00604nam0a22002411 4500 | ||
|---|---|---|---|
| 001 | rc\50144 | ||
| 005 | 20250620195211.0 | ||
| 035 | _a(NLR Aleph) 005396496 | ||
| 090 |
_a7232105 _c7232105 |
||
| 100 | _a20021216f19911998|||y0rusy50 ca | ||
| 101 | 0 | _arus | |
| 102 | _aRU | ||
| 105 | _aa ||||||||| | ||
| 200 | 1 | _aНаучные | |
| 210 |
_aБ. м. _cБ. и. _dБ. г. |
||
| 215 |
_a80 с. _cил. _d21 |
||
| 320 | _aБиблиогр.: с. | ||
| 700 | 1 |
_aНоренков _bС. _gСергей |
|
| 801 | 0 |
_aRU _bNLR _gpsbo |
|
| 801 | 1 |
_aRU _bELAR _2rusmarc |
|
| 852 |
_aNLR _j92-6/391 |
||
| 942 | _cBOOK | ||
| 980 | _aNB | ||